| 000 | 00400nam a2200133Ia 4500 | ||
|---|---|---|---|
| 008 | 191206s9999 xx 000 0 und d | ||
| 020 | _a9781847014023 (hbk. | ||
| 090 | _aDT1190Z36M34 | ||
| 245 | 0 | _aCrossing the Zambezi: the politics of landscape on a Central African frontier | |
| 260 | _aJames Currey | ||
| 260 | _cc2009 | ||
| 300 | _a"x, 237 p. : ill., maps ; 25 cm." | ||
| 999 |
_c15757 _d15757 |
||